000 00971nam a2200301 a 4500
003 CBULib
005 20240409083324.0
008 200818s2019 ||||||||||||||||| || u
020 _a9781108473378
040 _bEnglish
_cCBULib
_erda
041 _aeng
050 _aK 3260 Saa
100 _aSaab, Anne
_92639
245 1 0 _aNarratives of hunger in international law : feeding the world in times of climate change
_c/ by Anne Saab
260 _aCambridge :
_bCambridge University Press,
_c2019
300 _axiv, 202 pages
336 _2rdacontent
_aText |
_btxt
337 _2rdamedia
_aUnmediated |
_bn
338 _2rdacarrier
_aVolume
_bnc
490 _aCambridge studies in international and comparative law
650 0 _aHUMAN RIGHTS
650 0 _aLAW--LANGUAGE
_92640
650 0 _aRIGHT FOOD
_92642
650 0 _aHUNGER
_92644
650 0 _aCLIMATIC CHANGES
_91323
942 _2lcc
_c002
999 _c51870
_d51870